<?xml version="1.0" encoding="utf-8"?>
<?xml-stylesheet type='text/xsl' href='./oai2.xsl'?>
<OAI-PMH xmlns="http://www.openarchives.org/OAI/2.0/" xmlns:xsi="http://www.w3.org/2001/XMLSchema-instance" xsi:schemaLocation="http://www.openarchives.org/OAI/2.0/ http://www.openarchives.org/OAI/2.0/OAI-PMH.xsd">
  <responseDate>2026-06-06T08:33:19Z</responseDate>
  <request verb="GetRecord" metadataPrefix="marcxml" identifier="record_kuniweb_427086">https://kulturerbe.niedersachsen.de/oai</request>
  <GetRecord>
    <record>
      <header>
        <identifier>record_kuniweb_427086</identifier>
        <datestamp>2026-03-31T19:09:18Z</datestamp>
        <setSpec>slg0185</setSpec>
      </header>
      <metadata>
        <marc:record xmlns:marc="http://www.loc.gov/MARC21/slim" xsi:schemaLocation="http://www.loc.gov/MARC21/slim http://www.loc.gov/standards/marcxml/schema/MARC21slim.xsd">
          <marc:leader>12345nrm  22     uu 4500</marc:leader>
          <marc:controlfield tag="001">427086</marc:controlfield>
          <marc:controlfield tag="003">http://kuniweb.gbv.de</marc:controlfield>
          <marc:controlfield tag="005">2026-01-19T16:37:12</marc:controlfield>
          <marc:controlfield tag="008">|           ||||||||||||||||||||||</marc:controlfield>
          <marc:datafield tag="245" ind1="1" ind2="0">
            <marc:subfield code="a">Figur (für Meister Gislebertus)</marc:subfield>
          </marc:datafield>
          <marc:datafield tag="720" ind1=" " ind2=" ">
            <marc:subfield code="a">Emil Cimiotti</marc:subfield>
          </marc:datafield>
          <marc:datafield tag="655" ind1=" " ind2="7">
            <marc:subfield code="a">Skulptur</marc:subfield>
          </marc:datafield>
          <marc:datafield tag="046" ind1=" " ind2=" ">
            <marc:subfield code="k">1984</marc:subfield>
            <marc:subfield code="k">1984</marc:subfield>
          </marc:datafield>
          <marc:datafield tag="260" ind1=" " ind2=" ">
            <marc:subfield code="g">1984</marc:subfield>
            <marc:subfield code="g">1984</marc:subfield>
          </marc:datafield>
          <marc:datafield tag="300" ind1=" " ind2=" ">
            <marc:subfield code="a">Höhe: 206 cm
Breite: 85 cm
Tiefe: 85 cm</marc:subfield>
          </marc:datafield>
          <marc:datafield tag="520" ind1=" " ind2=" ">
            <marc:subfield code="a">Abstrahierter und skelettierter stehender menschlicher Torso ohne Kopf, Arme und Füße. Die aufrechte Figur ist in den Knien abgesackt und erinnert in ihrer Haltung an einen Gekreuzigten. Von den Beinen sind Knochen und Muskeln dargestellt, der Rumpf ist in  einzelne Kompartimente aufgegliedert. Die gussraue Skulptur ist an vielen Stellen farbig gefasst (Anmutung von Blut). (Städtisches Museum Braunschweig)

Aufschrift:
"Cimiotti" (Signatur, auf der Plinthe)

Literatur in Zusammenhang:
Gudrun Hirschmann: Emil Cimiotti, in: Reinhard Bein (Hg.): Braunschweiger Persönlichkeiten des 20. Jahrhunderts aus der Stadt Braunschweig und den ehemaligen braunschweigischen Landkreisen. Bd. 4, Braunschweig 2020, S. 34-43, Abb. S. 41.

Veröffentlicht in:
E. Cimiotti, T. Bergenthal, und J. Stracke, „Emil Cimiotti Strukturen - structures“. Kerber, Bielefeld; Berlin, 2013. (Abb. S. 14, S. 106-108, Abb. 67, u. S. 232, Nr. 67.)

Beschrieben in:
B. Ohnesorge, „Ein anderer Zeitgeist : Positionen figürlicher Bildhauerei nach 1950 ; zwölf Bilhauerporträts“. Mann, Berlin, 2015. (S. 53-54.)

Veröffentlicht in:
E. Cimiotti, „Emil Cimiotti : denn was innen, das ist aussen. Emil Cimiotti Retrospektive“. Edition Braus, Berlin, 2017. (Kat.-Nr. 16.)</marc:subfield>
          </marc:datafield>
          <marc:datafield tag="500" ind1=" " ind2=" ">
            <marc:subfield code="a">Kauf

1992

VerkäuferIn: Emil Cimiotti</marc:subfield>
          </marc:datafield>
          <marc:datafield tag="650" ind1="1" ind2=" ">
            <marc:subfield code="a">Plastik</marc:subfield>
          </marc:datafield>
          <marc:datafield tag="650" ind1="1" ind2=" ">
            <marc:subfield code="a">Bildwerk &gt; Skulptur</marc:subfield>
          </marc:datafield>
          <marc:datafield tag="650" ind1="1" ind2=" ">
            <marc:subfield code="a">Plastiken</marc:subfield>
          </marc:datafield>
          <marc:datafield tag="773" ind1="0" ind2=" ">
            <marc:subfield code="t">Sammlung Skulptur und Baufragmente</marc:subfield>
          </marc:datafield>
          <marc:datafield tag="852" ind1=" " ind2=" ">
            <marc:subfield code="a">Städtisches Museum Braunschweig</marc:subfield>
          </marc:datafield>
          <marc:datafield tag="852" ind1=" " ind2=" ">
            <marc:subfield code="a">Deutschland</marc:subfield>
          </marc:datafield>
          <marc:datafield tag="" ind1=" " ind2=" ">
            <marc:subfield code="a">Urheberrechtsschutz (InC)</marc:subfield>
          </marc:datafield>
        </marc:record>
      </metadata>
    </record>
  </GetRecord>
</OAI-PMH>
